A bill of divorcement : a play in three acts /

Bibliographic Details
Main Author: Dane, Clemence
Format: Book
Language:English
Published: New York : Macmillan, [1921]

MARC

Tag First Indicator Second Indicator Subfields
LEADER 00000cam a2200000 i 4500
001 in00000694021
005 20151016054608.0
008 791220s1921 nyu 00010 eng d
035 |a (OCoLC)05815973 
035 |9 ADC4709AM 
040 |a VJA  |c VJA  |d TXA  |d UtOrBLW 
049 |a TXAM  |c [159399] 
090 |a PR6001.S5  |b B5 1947 
092 |a 822  |b A829b 
100 1 |a Dane, Clemence. 
245 1 2 |a A bill of divorcement :  |b a play in three acts /  |c by Clemence Dane [pseudonym]. 
264 1 |a New York :  |b Macmillan,  |c [1921] 
264 4 |c [©1921] 
300 |a 4 pages ., 92 pages ;  |c 20 cm. 
336 |a text  |b txt  |2 rdacontent 
337 |a unmediated  |b n  |2 rdamedia 
338 |a volume  |b nc  |2 rdacarrier 
999 |a MARS 
999 f f |s 7285a7ea-193c-3a97-9607-4eee603e32cd  |i 0852247c-b566-38fe-814f-1818dd78e5ad  |t 0 
952 f f |p ric  |a Texas A&M University  |b Rellis Campus  |c Joint Library Facility  |d Remote Storage  |t 0  |e PR6001.S5 B5 1947  |h Library of Congress classification  |i unmediated -- volume  |m A14801295223 
998 f f |a PR6001.S5 B5 1947  |t 0  |l Remote Storage